00808nam a22001697a 450000500170000001000130001702000260003003500110005603700160006708200110008310001050009424501730019924601190037226000510049127000730054230000230061520200601161009.0 aUR-10770 c300.00a9789389002379 aU-9325 bDBAD/PUBa- a270.44 aمر تبين:سيد عا د ل ا ختر و پر و فيسر سيد حيد ر عبا س ر ضو ی  aا نتخا ب نہج ا لبلا غہ (ا ر د و تر جمے )cمر تبين:سيد عا د ل ا ختر و پر و فيسر سيد حيد ر عبا س ر ضو ی  bIntekhab-e-Nehjul Balaghah(Urdu Translation) (Urdu)aEdited by Syed Adil Akhtar and Prof. Syed Haider Abbas Rizvi  aDelhibEducational Publishing House c2019 ء a3191,Vakil Street,Kucha Pandit Lal Kuan,bDelhie110006k23216162l- a261 ص c22 Cm(Hb)